Tata's mini refresher management of systems / (Record no. 129455)

MARC details
000 -LEADER
fixed length control field 00719nam a22002297a 4500
005 - DATE AND TIME OF LATEST TRANSACTION
control field 20170124110056.0
010 ## - LIBRARY OF CONGRESS CONTROL NUMBER
LC control number 813121
020 ## - INTERNATIONAL STANDARD BOOK NUMBER
Terms of availability 100.00
International Standard Book Number 812560023X
035 ## - SYSTEM CONTROL NUMBER
System control number 813121
037 ## - SOURCE OF ACQUISITION
Source of stock number/acquisition Cen Lib/Ret
040 ## - CATALOGING SOURCE
Original cataloging agency DPL
Language of cataloging EN
082 ## - DEWEY DECIMAL CLASSIFICATION NUMBER
Classification number 658
Item number BAW
100 ## - MAIN ENTRY--PERSONAL NAME
Personal name Bawa, H.S.
9 (RLIN) 26407
245 ## - TITLE STATEMENT
Title Tata's mini refresher management of systems /
Statement of responsibility, etc by H.S.Bawa [and] Navneet Singh
260 ## - PUBLICATION, DISTRIBUTION, ETC. (IMPRINT)
Place of publication, distribution, etc Delhi
Name of publisher, distributor, etc Tata Publishers
Date of publication, distribution, etc 1996-97
270 ## - ADDRESS
Address 1/5544, Govind Marg, Shivaji Park, Shahdara
City Delhi
Postal code 110032
300 ## - PHYSICAL DESCRIPTION
Extent 592p. :
Dimensions 20cm(Hb)
Other physical details ill.
650 ## - SUBJECT ADDED ENTRY--TOPICAL TERM
Topical term or geographic name as entry element Principles of Management
9 (RLIN) 26408
650 ## - SUBJECT ADDED ENTRY--TOPICAL TERM
Topical term or geographic name as entry element General management
9 (RLIN) 16441
700 ## - ADDED ENTRY--PERSONAL NAME
Personal name Navneet Singh
9 (RLIN) 26409
942 ## - ADDED ENTRY ELEMENTS (KOHA)
Source of classification or shelving scheme Dewey Decimal Classification
Koha item type English Books
Classification part 658
Call number suffix BAW
Holdings
Withdrawn status Lost status Damaged status Not for loan Home library Current library Date acquired Source of acquisition Cost, normal purchase price Total Checkouts Full call number Barcode Date last seen Copy number Cost, replacement price Price effective from Koha item type
        Central Library Central Library 06/07/2015 Cen Lib/Ret 100.00   658 BAW 813121 06/07/2015 1 100.00 06/07/2015 English Books

© Delhi Public Library
Hit Counter
free hit counter